From Domesday book to Magna carta, 1087-1216 /

محفوظ في:

المؤلف الرئيسي: Poole, Austin Lane, 1889-1963 (مؤلف)

التنسيق: كتاب

اللغة: English

منشور في: Oxford : Clarendon Press, 1951.

سلاسل: Oxford history of England ; 3.

الموضوعات:

الوسوم: إضافة وسم

لا توجد وسوم, كن أول من يضع وسما على هذه التسجيلة!

رقم الطلب: DA175 .P6 1951

LEADER 00859nam a2200289I 4500
001 6119
003 OSt
005 20251210074039.0
008 130303s1951 enkb b 000 0 eng d
010 |a 51007682 
015 |a GB51-8126 
029 1 |a UKM  |b b5108126 
035 |a ocm01516530 
040 |c ARCE Library 
043 |a e-uk--- 
050 4 |a DA175 .P6 1951 
100 1 |a Poole, Austin Lane,  |d 1889-1963,  |e author 
245 1 0 |a From Domesday book to Magna carta, 1087-1216 /  |c Austin Lane Poole. 
264 1 |a Oxford :  |b Clarendon Press,  |c 1951. 
300 |a xv, 541 pages :  |b maps ;  |c 23 cm. 
490 1 |a Oxford history of England ;  |v 3. 
504 |a Bibliography : pages [487]-511. 
651 0 |a Great Britain  |x History  |y Medieval period, 1066-1485. 
830 0 |a Oxford history of England ;  |v 3. 
901 |a reviewed 
942 |c BK  |2 lcc 
999 |c 4791  |d 4791